Sports Quiz

Random Sports or NFL Quiz

Top 100 NFL Career Rushers Quiz Stats

 Plays Quiz Updated Jan 7, 2019

Challenge
Share
Tweet
Embed
Score 0/100 Timer 15:00
0 Plays Today
Yards Name % Correct
18,355Emmitt Smith
97.9%
6,818Robert Smith
96.6%
6,881Antowain Smith
96.5%
15,269Barry Sanders
95.6%
13,684LaDainian Tomlinson
94.3%
16,726Walter Payton
93.9%
12,312Jim Brown
91.4%
13,662Jerome Bettis
91%
5,875Larry Brown
90.3%
5,838Bill Brown
90.3%
13,318Adrian Peterson
89.4%
12,279Marshall Faulk
88.7%
14,748Frank Gore
86.4%
14,101Curtis Martin
85.7%
10,009Ricky Williams
85.4%
6,223Larry Johnson
85.3%
5,979Rudi Johnson
85.2%
6,803John Henry Johnson
85%
10,591Thomas Jones
84.7%
9,537Chris Johnson
84.6%
11,438Steven Jackson
84.3%
12,246Edgerrin James
84.2%
13,259Eric Dickerson
82.7%
8,096DeAngelo Williams
82.2%
9,453Shaun Alexander
81.2%
7,174DeMarco Murray
81.1%
10,449Tiki Barber
80.5%
10,379Marshawn Lynch
80.1%
12,074Thurman Thomas
78.7%
11,695Fred Taylor
77.1%
10,607Jamal Lewis
77%
8,597Jim Taylor
76.7%
12,120Franco Harris
76.2%
12,243Marcus Allen
75.4%
Yards Name % Correct
8,614Terry Allen
74.9%
9,923Clinton Portis
74.8%
7,607Terrell Davis
74.7%
9,796Matt Forte
74.5%
8,052Stephen Davis
74.4%
11,236OJ Simpson
74.2%
9,205Ahman Green
74%
10,441Eddie George
73.4%
10,606LeSean McCoy
72.5%
8,167Maurice Jones-Drew
71.6%
10,967Warrick Dunn
70.5%
8,172Priest Holmes
70.3%
7,563Jamaal Charles
70.2%
11,241Corey Dillon
69.3%
12,739Tony Dorsett
68.3%
6,527Arian Foster
67.3%
6,335Brian Westbrook
66.9%
6,180Ray Rice
66.5%
10,273Ottis Anderson
65.5%
6,166Neal Anderson
65.4%
11,352John Riggins
65%
9,407Earl Campbell
62.4%
7,335Jonathan Stewart
58.6%
6,007Mark Ingram
57.4%
10,643Ricky Watters
56.7%
8,081Larry Csonka
54.7%
6,096Deuce McAllister
54.4%
7,338Michael Turner
53.1%
8,189Roger Craig
52.3%
8,474Willis McGahee
51.7%
5,931Alfred Morris
49.7%
5,864Lamar Miller
49.6%
8,225Herschel Walker
49.6%
6,109Michael Vick
45.8%
Yards Name % Correct
7,966Garrison Hearst
44.7%
5,841James Stewart
41.8%
8,261Earnest Byner
37%
6,017Cedric Benson
36.9%
6,844Curt Warner
34.5%
6,086Travis Henry
34%
8,188Gerald Riggs
31%
7,097Charlie Garner
27.1%
6,083Calvin Hill
26.7%
8,074Freeman McNeil
25.8%
7,696Chris Warren
25.1%
6,897Rodney Hampton
25.1%
6,789Wilbert Montgomery
24.1%
7,176George Rogers
22.7%
6,306LeGarrette Blount
20.9%
7,962James Brooks
20.9%
5,950Chuck Foreman
19.9%
6,008James Wilder
19.4%
6,323Floyd Little
19.2%
9,723Joe Perry
18.3%
6,702Chuck Muncie
17.7%
6,534Lydell Mitchell
17%
7,274Leroy Kelly
16.5%
6,378Wendell Tyler
16%
5,860Steve Van-Buren
15.5%
5,986William Andrews
14.9%
7,378Mike Pruitt
14.3%
6,651Mark van Eeghen
13.1%
6,578Lawrence McCutcheon
12%
6,217Don Perkins
6.9%
6,105Ken Willard
5.3%
5,797Rick Casares
5.2%

You're not logged in!

Compare scores with friends on all Sporcle quizzes.
OR
Log In

You Might Also Like...

Show Comments

Extras

Top Quizzes Today


Score Distribution

Your Account Isn't Verified!

In order to create a playlist on Sporcle, you need to verify the email address you used during registration. Go to your Sporcle Settings to finish the process.

Report this User

Report this user for behavior that violates our Community Guidelines.

Details: